000 00352nam a2200145Ia 4500
005 20251222175920.0
008 251222s9999||||xx |||||||||||||| ||spa||
020 _a8480021675
082 _a340/D38
100 _aDe Lucas, Javier
245 0 _aCurso de Introducción al Derecho
250 _a1ra. ed.
264 _bTirant lo Blanch
942 _cLIB
999 _c40625
_d40625